Spell the Marvel Character #81 - Statistics

General Stats
  • This quiz has been taken 37 times
  • The average score is 6 of 9
Answer Stats
Picture Answer % Correct
Silver Surfer
100%
Dr. Strange
97%
Beast
90%
Iron Fist
90%
Yellowjacket
63%
U-Go Girl
53%
Squid Boy
47%
Oya
37%
Quaz
13%
No matching quizzes found
Score Distribution
Percent of People with Each Score
Percentile by Number Answered
Your Score History
You have not taken this quiz